=LDR 00000nam 2200000 4500 =001 INLIS000000000017882 =005 20130612113101 =008 ***********************************Ind** =035 ##$$0010-061300000017882 =041 ##$$a Ind =082 ##$$a R.350.026 =090 ##$$a R.350.026, Ind r =100 ##$$a Indonesia.[Peraturan, Perundang-Undangan.dsb] =245 ##$$a RPJMN (rencana pembangunan jangka menengah nasional) 2004-2009 =260 ##$$a 2005 $b Jakarta =300 ##$$a xii, 515 hlm, 23 cm =650 ##$$a Presiden-Perundang-Undangan =850 ##$$a NBPNMAT